Los orígenes del hombre americano /
Guardado en:
| Autor Principal: | |
|---|---|
| Otros Autores: | |
| Formato: | Libro |
| Publicado: |
México :
Cuadernos Americanos,
1943
|
| Materias: | |
| Etiquetas: |
Agregar Etiqueta
Sin Etiquetas, Sea el primero en etiquetar este registro!
|
| LEADER | 00627nam a22001935a 4500 | ||
|---|---|---|---|
| 001 | EHU.bham004921 | ||
| 008 | 130507s1943##################000#0#####d | ||
| 005 | 20230706080349.0 | ||
| 245 | 1 | 0 | |a Los orígenes del hombre americano / |c Paul Rivet ; trad. por José Recasens. |
| 260 | |a México : |b Cuadernos Americanos, |c 1943 | ||
| 300 | |a 244 p. | ||
| 100 | 1 | |a Rivet, Paul | |
| 700 | 1 | |a Recasens, José, trad. | |
| 082 | 5 | 7 | |a 572.3 R525 |
| 653 | |a Antropología | ||
| 653 | |a América-historia de | ||
| 653 | |a América-pueblos originarios | ||
| 653 | |a Colección Lejarraga | ||
| 859 | |a AR-BHAM |b BIB. HUMANIDADES - General |h 572.3 |i R525 |p 28.15 |t Ej.1 | ||
